000 00947nam a22003017a 4500
003 CHAP
005 20220329134328.0
008 971013s1985 r 00010 d
010 _a18858
011 _a19830
035 _a23915
040 _cCHAP
090 _aTesis
100 0 0 _aAlvarado Rosales, Dionicio.
_94824
245 _aTablas de vida de Pinus montezumae Lamb. bajo condiciones de vivero
260 _aChapingo, Méx., :
_bEl autor,
_c1985
300 _a62 h
502 _aTesis (Ing. Agrónomo Exp. en Bosques) -- UACH. Departamento de Bosques
590 _aALEPH
_b10
_c20130110
_lUCH01
_h1242
590 _aBATCH-UPD
_b10
_c20130110
_lUCH01
_h0031
590 _aBATCH-UPD
_b10
_c20130110
_lUCH01
_h1701
590 _aCONVERSION
_b10
_c20130109
_lUCH01
_h1311
650 1 4 _aPinus montezumae.
_988352
650 1 4 _aViveros forestales.
_9120100
901 _aBK
942 _cTESIS
949 _bBC
_cTES
_d-55391
_eTS1
_h17451
_i23915
_si
999 _c18858
_d18858